000 00287nam a22001337a 4500
008 170914b xxu||||| |||| 00| 0 eng d
020 _a0827327021
041 _aeng
080 _a7
100 _a44
101 _aART
245 _aGRAPHIC ARTS PHOTOGRAPHY
_cKAGY,F.D
942 _2udc
_cBK
999 _c27607
_d27607